[Event "ROM-ch U12"]
[Site "Calimanesti Caciulata"]
[Date "2016.04.25"]
[Round "9"]
[White "Bobeanu, Stefan Valentin"]
[Black "Urdea, Mihnea Florin"]
[Result "1/2-1/2"]
[WhiteElo "1215"]
[BlackElo "1046"]
[PlyCount "48"]
[EventDate "2016.04.18"]
[EventType "swiss"]
[EventRounds "9"]
[EventCountry "ROU"]
[SourceTitle "EXT 2017"]
[Source "ChessBase"]
[SourceDate "2016.10.25"]
[SourceVersion "1"]
[SourceVersionDate "2016.10.25"]
[SourceQuality "1"]

1. d4 e6 2. e4 d5 3. Nc3 dxe4 4. Nxe4 Nd7 5. Nf3 Ngf6 6. Bg5 c5 7. c3 Be7 8. Bxf6 Nxf6 9. Nxf6+ Bxf6 10. Ne5 0-0 11. Nf3 Qc7 12. Be2 Bd7 13. 0-0 Bc6 14. Qd2 Rfe8 15. Rad1 Rad8 16. Rfe1 cxd4 17. cxd4 Qb6 18. b3 Bxf3 19. Bxf3 Bxd4 20. Qc2 Rc8 21. Qb1 Re7 22. Rc1 Rec7 23. Rxc7 Rxc7 24. Rd1 e5 1/2-1/2

[Event "ROM-ch U12"]
[Site "Calimanesti Caciulata"]
[Date "2016.04.18"]
[Round "1"]
[White "Bobeanu, Stefan Valentin"]
[Black "Vilcu, Matei Stefan"]
[Result "0-1"]
[WhiteElo "1215"]
[BlackElo "1681"]
[PlyCount "78"]
[EventDate "2016.04.18"]
[EventType "swiss"]
[EventRounds "9"]
[EventCountry "ROU"]
[SourceTitle "CBM 172 Extra"]
[Source "ChessBase"]
[SourceDate "2016.06.21"]
[SourceVersion "1"]
[SourceVersionDate "2016.06.21"]
[SourceQuality "1"]

1. e4 c5 2. c4 d6 3. Nc3 Nf6 4. d3 e6 5. Bg5 Be7 6. Nf3 a6 7. Be2 Nc6 8. 0-0 0-0 9. Qc1 Nd7 10. Bxe7 Qxe7 11. Qf4 Nde5 12. Qg3 Rd8 13. Rad1 Rb8 14. b3 Qf6 15. Rc1 h6 16. Rfd1 b6 17. Rd2 Bb7 18. h3 Ng6 19. Nh2 Nd4 20. Nf3 Rbc8 21. Kh1 Nxe2 22. Rxe2 d5 23. e5 Qf4 24. Qxf4 Nxf4 25. Rd2 dxc4 26. bxc4 Bxf3 27. gxf3 Rxd3 28. Rxd3 Nxd3 29. Rc2 Nxe5 30. f4 Nxc4 31. Ne4 b5 32. Nc3 Rd8 33. a4 Na3 34. Ra2 b4 35. Ne4 c4 36. Nc5 c3 37. Ra1 c2 38. Nxa6 Rd1+ 39. Rxd1 cxd1Q+ 0-1

[Event "ROM-ch U10"]
[Site "Calimanesti"]
[Date "2015.04.06"]
[Round "9"]
[White "Bobeanu, Stefan Valentin"]
[Black "Ferentiu, Raul Florin"]
[Result "1/2-1/2"]
[WhiteElo "1156"]
[BlackElo "1282"]
[PlyCount "92"]
[EventDate "2015.03.30"]
[EventType "swiss"]
[EventRounds "9"]
[EventCountry "ROU"]
[SourceTitle "CBM 165 Extra"]
[Source "ChessBase"]
[SourceDate "2015.04.21"]
[SourceVersion "1"]
[SourceVersionDate "2015.04.21"]
[SourceQuality "1"]

1. e4 c5 2. Nf3 a6 3. Bc4 e6 4. Nc3 b5 5. Be2 Bb7 6. e5 Nc6 7. 0-0 h6 8. d3 Qc7 9. Bf4 Nge7 10. Ne4 Ng6 11. Qd2 Ncxe5 12. Nxe5 Nxe5 13. c3 d6 14. d4 cxd4 15. cxd4 Bxe4 16. dxe5 dxe5 17. Bg3 Bg6 18. Rac1 Qd6 19. Qa5 Rb8 20. Rfd1 Qb6 21. Qd2 Rd8 22. Rc8 Be7 23. Qc1 0-0 24. Rc6 Rxd1+ 25. Bxd1 Qa5 26. Bb3 Bg5 27. Qc3 Qxc3 28. bxc3 Ra8 29. Bxe5 a5 30. f4 Be7 31. a4 b4 32. c4 Be4 33. Rc7 Bd8 34. Rd7 Bb6+ 35. Bd4 Rd8 36. Rxd8+ Bxd8 37. g3 h5 38. Kf2 Kf8 39. Ke3 Bc6 40. Kd3 g6 41. Bc5+ Ke8 42. Kd4 Bf6+ 43. Ke3 Bd8 44. Kd4 Bf6+ 45. Ke3 Bd8 46. Kd4 Bf6+ 1/2-1/2